00392nam a2200121 a 450000100100000000500170001000800410002704000250006808200140009324500950010726000420020230000260024400004784620201002060754.0180829s1979 dr 000 spa d aDO-SdBNPbspacBNPHU axxxbA498 0aAmérica tiene memoria :. :btestimonio de una defensa de la democracia en el continente. aSanto Domingo :bAlfa y Omega,c1979. a44 p. :bil ;c22 cm.